Statistics for Animal Crossing Species: Pig

Click here to take the quiz!

General Stats

  • This quiz has been taken 4 times
  • The average score is 10 of 19

Answer Stats

Answer% Correct
Peggy
100%
Chops
67%
Cobb
67%
Curly
67%
Hugh
67%
Kevin
67%
Pancetti
67%
Spork
67%
Truffles
67%
Agnes
33%
Boris
33%
Gala
33%
Ganon
33%
Hambo
33%
Lucy
33%
Maggie
33%
Pigleg
33%
Rasher
33%
Sue E
33%

Score Distribution

Percentile by Number Answered

Percent of People with Each Score

Your Score History

You have not taken this quiz